แสดงรายละเอียดบรรณานุกรม
  กลับหน้าหลัก

Brief Record : Get Marc (ISO 2709) : E-mail record : QR code ปิดหน้าต่าง
LEADER 00000nam 2200000uu 4500
008    140708s2554||||th 000 0 tha d
041 0  ^atha^beng
090    ^aวพ HV5283.T5 น784ป 2554
100 0  ^aเนตรชนก แก้วจันทา
245 10 ^aรายงานวิทยานิพนธ์เรื่อง ปัจจัยทำนายพฤติกรรมการดื่มสุราแบบหนัก (Binge Drinking)ของนักเรียนอาชีวศึกษา ในสถาบันการศึกษาเอกชนแห่งหนึ่ง /^cเนตรชนก แก้วจันทา
246 15 ^aPredictors of binge drinking behaviors among vocationaleducation students at a private institution
260    ^aขอนแก่น : ^bมหาวิทยาลัยขอนแก่น,^c2554
300    ^a164 แผ่น
502    ^aวิทยานิพนธ์ (พย.ม.)--สาขาวิชาการพยาบาลสุขภาพจิตและจิตเวช บัณฑิตวิทยาลัย มหาวิทยาลัยขอนแก่น, 2554
650  4 ^aการดื่มสุรา^xพฤติกรรม
650  0 ^aวิทยานิพนธ์
710 2  ^aมหาวิทยาลัยขอนแก่น. บัณฑิตวิทยาลัย สาขาวิชาการพยาบาลสุขภาพจิตและจิตเวช
999    ^aใช้งานได้ทุกระบบ
รายการนี้ยังไม่มีแท็ก
คุณยังไม่ได้ล็อกอิน คุณสามารถมีกิจกรรมร่วมกับเว็บไซต์ได้ แต่ต้องล็อกอินก่อน ::
  ล็อกอิน
ลำดับที่ ประเภท เลขเรียก สถานที่ สถานะ
1. วิทยานิพนธ์
วิทยานิพนธ์
วพ HV5283.T5 น784ป 2554  
  
ชั้นหนังสือวิทยานิพนธ์ On Shelf
  ขอยืม
   [แสดง 1/1 รายการ]

รายการใกล้เคียง
    ผู้แต่ง [เนตรชนก แก้วจันทา]

    หัวเรื่อง [วิทยานิพนธ์]

BibComment


ยังไม่เคยถูกคอมเมนท์

คอมเมนท์ทรัพยากรรายการนี้
  คอมเมนท์: รายงานวิทยานิพนธ..
Bib 210023

 
 
 

 Union Library Management : ULibM
Copyright 2026. All Rights Reserved.
скачать бесплатно без регистрации порно красивый секс HD Sex Hindi sex

xxx gou

xxxx

bfxxx

xxxwww

Секса Видео

xxxx

Секса Видео

detube

geilexxx

C99 Shell

worms shell

blod xxx video
Ebony Coed Rihanna Rimes Takes A Dick In Her Young Twat priyaa indian fuck anal and pusssy hardcore indian women xxx desi hardcore fucking part 1 bengalixxxcouple